000
00300nam a22001337a 4500
008
221006b ||||| |||| 00| 0 eng d
041
_a
eng
080
_a
030
082
_a
030
100
_a
40.2
101
_a
ENC
245
_a
MADE SIMPLE SELF-TEACHING ENCYCLOPEDIA
_c
SPERLING A
942
_2
udc
_c
BK
999
_c
58401
_d
58401